[Event "Bundesliga B Mitte 2008/2009"]
[Site "Wolfsberg"]
[Date "2008.10.11"]
[Round "1"]
[Board "2"]
[White "Kuba, Guenter"]
[Black "Sebenik, Matej"]
[Result "1/2-1/2"]
[WhiteElo "2397"]
[BlackElo "2482"]
[PlyCount "173"]
[EventDate "2008.10.11"]
[EventType "team"]
[EventRounds "11"]
[EventCountry "AUT"]
[WhiteTeam "Schachklub Sparkasse Fuerstenfeld"]
[BlackTeam "SV Raika Rapid Feffernitz"]

1.e4 c5 2.Nf3 Nc6 3.Bb5 Nf6 4.Nc3 g6 5.Bxc6 bxc6 6.e5 Nd5 7.Ne4 c4 8.b3 Ba6
9.bxc4 Bxc4 10.d3 Ba6 11.c4 Nc7 12.h4 Bg7 13.Rb1 O-O 14.O-O d5 15.exd6 exd6
16.Ba3 c5 17.Re1 f5 18.Neg5 Qd7 19.d4 cxd4 20.Nxd4 Rfe8 21.Rxe8+ Rxe8 22.c5 dxc5
23.Bxc5 h6 24.Qb3+ Qd5 25.Qxd5+ Nxd5 26.Nge6 Nc3 27.Nxg7 Kxg7 28.Rc1 Nxa2 29.Rc2
Re1+ 30.Kh2 Nc1 31.Nf3 Rd1 32.Bxa7 Bb5 33.Rc7+ Kf6 34.Be3 Nd3 35.Bxh6 Nxf2
36.Bg7+ Ke6 37.Nd4+ Kd5 38.Nxb5 Rh1+ 39.Kg3 Ne4+ 40.Kf3 Rf1+ 41.Ke3 f4+ 42.Kd3
Rd1+ 43.Ke2 Rd2+ 44.Kf3 Rf2+ 45.Kg4 Rxg2+ 46.Kxf4 g5+ 47.hxg5 Nxg5 48.Nc3+ Ke6
49.Ne4 Nxe4 50.Kxe4 Re2+ 51.Kd3 Rf2 52.Bd4 Rf7 53.Rc5 Rf5 54.Rc8 Rf4 55.Re8+ Kd5
56.Re5+ Kd6 57.Rh5 Ke6 58.Kc4 Rf5 59.Rh6+ Kd7 60.Be3 Re5 61.Kd4 Re6 62.Rh7+ Re7
63.Rh1 Ke6 64.Bf4 Kf5 65.Bd6 Re4+ 66.Kd5 Re2 67.Rf1+ Kg4 68.Be5 Rd2+ 69.Ke4 Re2+
70.Kd4 Kg5 71.Bf4+ Kf5 72.Be3+ Ke6 73.Ke4 Rc2 74.Rh1 Re2 75.Rh6+ Kd7 76.Kd3 Re1
77.Bf4 Re6 78.Rh7+ Re7 79.Rh5 Re1 80.Bg3 Rg1 81.Bf2 Rf1 82.Bd4 Ke6 83.Ke4 Re1+
84.Be3 Re2 85.Rh6+ Kd7 86.Kd4 Re1 87.Rh7+

[Event "Bundesliga B Mitte 2008/2009"]
[Site "Wolfsberg"]
[Date "2008.10.11"]
[Round "1"]
[Board "3"]
[White "Jeric, Simon"]
[Black "Wach, Markus"]
[Result "0-1"]
[WhiteElo "2279"]
[BlackElo "2377"]
[PlyCount "58"]
[EventDate "2008.10.11"]
[EventType "team"]
[EventRounds "11"]
[EventCountry "AUT"]
[WhiteTeam "SV Raika Rapid Feffernitz"]
[BlackTeam "Schachklub Sparkasse Fuerstenfeld"]

1.e4 c5 2.c3 Nf6 3.e5 Nd5 4.Nf3 Nc6 5.d4 cxd4 6.cxd4 d6 7.Bc4 e6 8.Qe2 dxe5
9.dxe5 Bb4+ 10.Bd2 a6 11.O-O b5 12.Bb3 Bb7 13.Qe4 Qb6 14.Qg4 Bc5 15.Bxd5 exd5
16.e6 O-O 17.Bh6 Bd4 18.Nc3 fxe6 19.Qxe6+ Kh8 20.Nxd5 Qc5 21.Be3 Bxe3 22.Nxe3
Rxf3 23.Rac1 Qf8 24.gxf3 Nd4 25.Qh3 Nxf3+ 26.Kg2 Ng5+ 27.f3 Nxh3 28.Kxh3 Qf4
29.Ng2 Qg5

[Event "Bundesliga B Mitte 2008/2009"]
[Site "Wolfsberg"]
[Date "2008.10.11"]
[Round "1"]
[Board "4"]
[White "Kilgus, Georg"]
[Black "Tschohl, Christof"]
[Result "1-0"]
[WhiteElo "2349"]
[BlackElo "2185"]
[PlyCount "55"]
[EventDate "2008.10.11"]
[EventType "team"]
[EventRounds "11"]
[EventCountry "AUT"]
[WhiteTeam "Schachklub Sparkasse Fuerstenfeld"]
[BlackTeam "SV Raika Rapid Feffernitz"]

1.Nf3 Nf6 2.c4 e6 3.g3 b6 4.Bg2 Bb7 5.d4 Be7 6.Nc3 O-O 7.O-O Ne4 8.Bd2 f5 9.d5
Bf6 10.Qc2 Nxc3 11.Bxc3 Bxc3 12.Qxc3 exd5 13.Ne5 d6 14.Nd3 d4 15.Qxd4 Bxg2
16.Kxg2 Nd7 17.Nf4 Qc8 18.Ne6 Rf6 19.Nxc7 Rb8 20.Nd5 Re6 21.e3 Ne5 22.b3 Qb7
23.f3 g5 24.e4 Rf8 25.exf5 Rxf5 26.Qe4 Qf7 27.Rae1 Rh6 28.Qxf5

[Event "Bundesliga B Mitte 2008/2009"]
[Site "Wolfsberg"]
[Date "2008.10.11"]
[Round "1"]
[Board "5"]
[White "Reiss, Georg"]
[Black "Poetz, Florian"]
[Result "1/2-1/2"]
[WhiteElo "2131"]
[BlackElo "2227"]
[PlyCount "74"]
[EventDate "2008.10.11"]
[EventType "team"]
[EventRounds "11"]
[EventCountry "AUT"]
[WhiteTeam "SV Raika Rapid Feffernitz"]
[BlackTeam "Schachklub Sparkasse Fuerstenfeld"]

1.d4 Nf6 2.c4 e6 3.Nf3 Bb4+ 4.Bd2 c5 5.Nc3 cxd4 6.Nxd4 Nc6 7.Nxc6 bxc6 8.a3 Be7
9.e3 O-O 10.Be2 d5 11.O-O e5 12.b4 Be6 13.cxd5 cxd5 14.Bc1 Qd7 15.Bb2 Rfd8
16.Bd3 d4 17.exd4 Qxd4 18.Be2 Qd2 19.Qxd2 Rxd2 20.Bf3 Rc8 21.Bc1 Rc2 22.Ne4 Nd5
23.Ng3 Nb6 24.Bb7 Rd8 25.Be4 Rc7 26.Nf5 Bf8 27.Ne3 Na4 28.Bc2 Nc3 29.Re1 Nb5
30.Ba4 Nd4 31.Bb2 f6 32.h3 Rb7 33.Nc2 Nxc2 34.Bxc2 a5 35.f4 axb4 36.fxe5 bxa3
37.Bxa3 Bxa3

[Event "Bundesliga B Mitte 2008/2009"]
[Site "Wolfsberg"]
[Date "2008.10.11"]
[Round "1"]
[Board "6"]
[White "Radnetter, Georg"]
[Black "Arztmann, Wolfgang"]
[Result "1-0"]
[WhiteElo "2189"]
[BlackElo "2122"]
[PlyCount "107"]
[EventDate "2008.10.11"]
[EventType "team"]
[EventRounds "11"]
[EventCountry "AUT"]
[WhiteTeam "Schachklub Sparkasse Fuerstenfeld"]
[BlackTeam "SV Raika Rapid Feffernitz"]

1.e4 e6 2.d4 d5 3.Nc3 Nf6 4.Bg5 Be7 5.e5 Nfd7 6.Bxe7 Qxe7 7.f4 O-O 8.Nf3 c5
9.dxc5 Nc6 10.Bd3 f6 11.Qe2 fxe5 12.fxe5 Nxc5 13.O-O Bd7 14.a3 Be8 15.Qe3 Bh5
16.Ne2 Nxd3 17.cxd3 Bxf3 18.Rxf3 Rxf3 19.gxf3 Rf8 20.f4 Qf7 21.Kh1 Qf5 22.Rg1 d4
23.Qg3 Rf7 24.b4 a6 25.Rc1 Rd7 26.Rc4 Qh5 27.Ng1 Qd1 28.Qh3 Re7 29.Qf3 Qe1 30.a4
Qe3 31.b5 axb5 32.axb5 Na7 33.Ra4 Qxf3+ 34.Nxf3 Nxb5 35.Ng5 Nc7 36.Rxd4 g6
37.Rd6 h6 38.Ne4 Kf7 39.Nc5 Nd5 40.Nxe6 Rxe6 41.Rxd5 Ra6 42.Kg2 Ke6 43.Rb5 Kf5
44.Kf3 g5 45.fxg5 hxg5 46.Rd5 Rh6 47.Kg3 Ra6 48.d4 Ra3+ 49.Kf2 Kf4 50.e6 Ra2+
51.Ke1 Ra8 52.e7 Re8 53.Re5 Kf3 54.d5

[Event "Bundesliga B Mitte 2008/2009"]
[Site "Wolfsberg"]
[Date "2008.10.11"]
[Round "1"]
[Board "1"]
[White "Parligras, Mircea"]
[Black "Tratar, Marko"]
[Result "1/2-1/2"]
[WhiteElo "2605"]
[BlackElo "2497"]
[PlyCount "112"]
[EventDate "2008.10.11"]
[EventType "team"]
[EventRounds "11"]
[EventCountry "AUT"]
[WhiteTeam "Strassenbahn Graz"]
[BlackTeam "Kl. Zeitung MPOE Maria Saal"]

1.e4 e6 2.d4 d5 3.Nd2 dxe4 4.Nxe4 Nd7 5.Nf3 Ngf6 6.Bd3 c5 7.O-O Nxe4 8.Bxe4 Nf6
9.Bg5 cxd4 10.Nxd4 Be7 11.Bf3 O-O 12.c3 Qc7 13.Re1 a6 14.g3 Nd5 15.Qd2 h6
16.Bxe7 Nxe7 17.Rad1 Rb8 18.Nc2 b6 19.Qd6 Qxd6 20.Rxd6 Nf5 21.Rd3 Bb7 22.Bxb7
Rxb7 23.Red1 g5 24.Rd7 Rbb8 25.Kf1 a5 26.Ke2 Kg7 27.R1d3 h5 28.h3 Kg6 29.Ne1 f6
30.Nf3 Rf7 31.Nd2 Rxd7 32.Rxd7 Rc8 33.g4 hxg4 34.hxg4 Nh6 35.Rd6 Nxg4 36.Rxe6 b5
37.f3 Kf5 38.Rb6 Re8+ 39.Ne4 Kf4 40.Rxb5 f5 41.fxg4 Rxe4+ 42.Kf2 Kxg4 43.Rxa5
Rf4+ 44.Kg2 Rf3 45.Rd5 Rg3+ 46.Kf1 f4 47.a4 Rf3+ 48.Kg1 Rg3+ 49.Kf1 Rf3+ 50.Kg1
Re3 51.Kf1 f3 52.a5 Re2 53.a6 Rxb2 54.Ra5 Rb1+ 55.Kf2 Rb2+ 56.Kf1 Rb1+

[Event "Bundesliga B Mitte 2008/2009"]
[Site "Wolfsberg"]
[Date "2008.10.11"]
[Round "1"]
[Board "2"]
[White "Kreisl, Robert"]
[Black "Grunberg, Mihai-Lucian"]
[Result "1/2-1/2"]
[WhiteElo "2394"]
[BlackElo "2411"]
[PlyCount "84"]
[EventDate "2008.10.11"]
[EventType "team"]
[EventRounds "11"]
[EventCountry "AUT"]
[WhiteTeam "Kl. Zeitung MPOE Maria Saal"]
[BlackTeam "Strassenbahn Graz"]

1.e4 Nf6 2.e5 Nd5 3.d4 d6 4.Nf3 dxe5 5.Nxe5 c6 6.Be2 Nd7 7.Nf3 g6 8.O-O Bg7 9.c4
Nc7 10.Nc3 O-O 11.Be3 c5 12.Qd2 cxd4 13.Nxd4 Nf6 14.h3 e5 15.Ndb5 Qxd2 16.Bxd2
Ne6 17.Nd5 Nxd5 18.cxd5 Nd4 19.Nxd4 exd4 20.Bb4 Re8 21.Bf3 Bd7 22.Rac1 Rac8
23.d6 b6 24.Bb7 Rxc1 25.Rxc1 a5 26.Bd2 Be5 27.Rc7 Rd8 28.Bg5 f6 29.Bd5+ Kf8
30.Bh6+ Ke8 31.Rb7 Bxd6 32.Rxb6 Ke7 33.Bd2 Rc8 34.Kf1 Rc5 35.Bf3 Bc7 36.Rb7 Kd8
37.Ke1 Be6 38.a3 Re5+ 39.Kd1 g5 40.b4 a4 41.Ra7 Kd7 42.Ra6 Bb3+

[Event "Bundesliga B Mitte 2008/2009"]
[Site "Wolfsberg"]
[Date "2008.10.11"]
[Round "1"]
[Board "3"]
[White "Supancic, Darko"]
[Black "Schachinger, Mario"]
[Result "1/2-1/2"]
[WhiteElo "2377"]
[BlackElo "2336"]
[PlyCount "29"]
[EventDate "2008.10.11"]
[EventType "team"]
[EventRounds "11"]
[EventCountry "AUT"]
[WhiteTeam "Strassenbahn Graz"]
[BlackTeam "Kl. Zeitung MPOE Maria Saal"]

1.d4 d5 2.Nf3 c6 3.Bf4 Qb6 4.Qc1 Nf6 5.e3 Nh5 6.Bg3 Nxg3 7.hxg3 Nd7 8.Nbd2 g6
9.c3 Bg7 10.Be2 O-O 11.O-O e5 12.dxe5 Nxe5 13.Nxe5 Bxe5 14.Nf3 Bg7 15.Rd1

[Event "Bundesliga B Mitte 2008/2009"]
[Site "Wolfsberg"]
[Date "2008.10.11"]
[Round "1"]
[Board "4"]
[White "Reschun, Sascha"]
[Black "Pesorda, Ivan"]
[Result "1-0"]
[WhiteElo "2246"]
[BlackElo "2270"]
[PlyCount "59"]
[EventDate "2008.10.11"]
[EventType "team"]
[EventRounds "11"]
[EventCountry "AUT"]
[WhiteTeam "Kl. Zeitung MPOE Maria Saal"]
[BlackTeam "Strassenbahn Graz"]

1.e4 c5 2.Nf3 e6 3.d4 cxd4 4.Nxd4 Nf6 5.Nc3 d6 6.Bd3 Nc6 7.Nb3 Be7 8.O-O O-O
9.f4 a6 10.Qe2 e5 11.Nd5 h6 12.Bd2 exf4 13.Nxe7+ Qxe7 14.Rxf4 Be6 15.Raf1 Nd7
16.Nc1 Nde5 17.Qe1 Rad8 18.Ne2 d5 19.Bc3 Nxd3 20.cxd3 d4 21.Bd2 Ne5 22.Bb4 Qg5
23.Qd2 Rfe8 24.h4 Qg6 25.b3 Bg4 26.Ng3 Qb6 27.Ba5 Qb5 28.Bxd8 Rxd8 29.Nf5 h5
30.Rxg4

[Event "Bundesliga B Mitte 2008/2009"]
[Site "Wolfsberg"]
[Date "2008.10.11"]
[Round "1"]
[Board "5"]
[White "Krebs, Johann"]
[Black "Halvax, Georg"]
[Result "1-0"]
[WhiteElo "2234"]
[BlackElo "2187"]
[PlyCount "93"]
[EventDate "2008.10.11"]
[EventType "team"]
[EventRounds "11"]
[EventCountry "AUT"]
[WhiteTeam "Strassenbahn Graz"]
[BlackTeam "Kl. Zeitung MPOE Maria Saal"]

1.d4 Nf6 2.c4 g6 3.Nc3 Bg7 4.e4 d6 5.Be2 O-O 6.Nf3 e5 7.O-O Nc6 8.d5 Ne7 9.Ne1
Nd7 10.Nd3 f5 11.f3 f4 12.g4 fxg3 13.hxg3 Nf6 14.Kg2 c5 15.Rb1 Bd7 16.b4 b6
17.bxc5 bxc5 18.Bd2 Rb8 19.Qc2 Qc7 20.Nb5 Bxb5 21.Rxb5 a6 22.Ba5 Qa7 23.Rb3 Rxb3
24.axb3 Bh6 25.b4 cxb4 26.Bxb4 Qc7 27.c5 a5 28.Ba3 Nh5 29.Qa2 Nc8 30.Nxe5 Nxg3
31.Ng4 Bf4 32.e5 Nxf1 33.Bxf1 Qe7 34.cxd6 Qh4 35.Qf2 Qg5 36.d7 Ne7 37.Qc5 Qh4
38.Be2 Rb8 39.d8=Q+ Rxd8 40.Qxe7 Qg3+ 41.Kf1 Qh3+ 42.Ke1 Rb8 43.Qe6+ Kh8 44.Qf6+
Kg8 45.Qxf4 Qh1+ 46.Kf2 Qh4+ 47.Kg2

[Event "Bundesliga B Mitte 2008/2009"]
[Site "Wolfsberg"]
[Date "2008.10.11"]
[Round "1"]
[Board "1"]
[White "Haba, Petr"]
[Black "Kozul, Zdenko"]
[Result "1/2-1/2"]
[WhiteElo "2547"]
[BlackElo "2594"]
[PlyCount "84"]
[EventDate "2008.10.11"]
[EventType "team"]
[EventRounds "11"]
[EventCountry "AUT"]
[WhiteTeam "Schachgemeinschaft Voecklabruck"]
[BlackTeam "ZH- Technologies Wolfsberg"]

1.d4 Nf6 2.c4 g6 3.Nc3 Bg7 4.e4 d6 5.f3 O-O 6.Be3 e5 7.d5 c6 8.Bd3 cxd5 9.cxd5
Ne8 10.Qd2 f5 11.exf5 gxf5 12.Nge2 Kh8 13.O-O Nd7 14.f4 e4 15.Bc4 Ndf6 16.Bd4
Qc7 17.b3 Qf7 18.a4 Rg8 19.a5 Nc7 20.b4 Bd7 21.b5 Nce8 22.Bb3 Qg6 23.b6 a6
24.Ba4 Bxa4 25.Rxa4 Rc8 26.h3 Nd7 27.Nd1 Nc5 28.Ra3 Nd3 29.Ne3 Nf6 30.Rc3 h5
31.Rc7 Rxc7 32.bxc7 Rc8 33.Bb6 Ne8 34.Rb1 Nxc7 35.Nd4 Nb5 36.Ndxf5 Bf6 37.Rf1 h4
38.Qe2 Qh7 39.Qg4 Rg8 40.Qd1 Rc8 41.Qg4 Rg8 42.Qd1 Rc8

[Event "Bundesliga B Mitte 2008/2009"]
[Site "Wolfsberg"]
[Date "2008.10.11"]
[Round "1"]
[Board "2"]
[White "Stevic, Hrvoje"]
[Black "Hirneise, Tobias"]
[Result "1-0"]
[WhiteElo "2592"]
[BlackElo "2426"]
[PlyCount "77"]
[EventDate "2008.10.11"]
[EventType "team"]
[EventRounds "11"]
[EventCountry "AUT"]
[WhiteTeam "ZH- Technologies Wolfsberg"]
[BlackTeam "Schachgemeinschaft Voecklabruck"]

1.e4 e5 2.Nf3 Nc6 3.Bb5 Nd4 4.Nxd4 exd4 5.Bc4 Nf6 6.O-O Nxe4 7.Bxf7+ Kxf7 8.Qh5+
g6 9.Qd5+ Kg7 10.Qxe4 Qf6 11.d3 c6 12.Bf4 d6 13.Nd2 Bf5 14.Qf3 Be7 15.Rfe1 Rhf8
16.Ne4 Bxe4 17.Rxe4 Rf7 18.Rae1 Kg8 19.Bh6 Qxf3 20.gxf3 Bf8 21.Re8 Rxe8 22.Rxe8
g5 23.Kg2 Rf6 24.Rxf8+ Rxf8 25.Bxf8 Kxf8 26.f4 gxf4 27.Kf3 Kf7 28.Kxf4 Kf6
29.Ke4 c5 30.Kd5 Ke7 31.a4 Kd7 32.a5 Ke7 33.f4 h5 34.f5 h4 35.Ke4 Kf6 36.Kf4 d5
37.h3 b5 38.a6 c4 39.b4

[Event "Bundesliga B Mitte 2008/2009"]
[Site "Wolfsberg"]
[Date "2008.10.11"]
[Round "1"]
[Board "3"]
[White "Konopka, Michal"]
[Black "Jovanovic, Zoran"]
[Result "1/2-1/2"]
[WhiteElo "2445"]
[BlackElo "2558"]
[PlyCount "53"]
[EventDate "2008.10.11"]
[EventType "team"]
[EventRounds "11"]
[EventCountry "AUT"]
[WhiteTeam "Schachgemeinschaft Voecklabruck"]
[BlackTeam "ZH- Technologies Wolfsberg"]

1.d4 d6 2.g3 g6 3.Bg2 Bg7 4.Nf3 c5 5.c4 Nc6 6.d5 Na5 7.O-O a6 8.Qd3 Nf6 9.Nc3
O-O 10.Rb1 e5 11.dxe6 Bxe6 12.b3 d5 13.cxd5 Nxd5 14.Nxd5 Qxd5 15.Qxd5 Bxd5
16.Bd2 Nc6 17.Rbc1 b6 18.Rfd1 Rfe8 19.Be3 Rad8 20.Ne1 Bxg2 21.Kxg2 Nb4 22.Rxd8
Rxd8 23.a4 a5 24.Nf3 Bb2 25.Rb1 Bc3 26.Rc1 Bb2 27.Rb1

[Event "Bundesliga B Mitte 2008/2009"]
[Site "Wolfsberg"]
[Date "2008.10.11"]
[Round "1"]
[Board "4"]
[White "Mikac, Matjaz"]
[Black "Ennsberger, Ulrich"]
[Result "1-0"]
[WhiteElo "2394"]
[BlackElo "2315"]
[PlyCount "85"]
[EventDate "2008.10.11"]
[EventType "team"]
[EventRounds "11"]
[EventCountry "AUT"]
[WhiteTeam "ZH- Technologies Wolfsberg"]
[BlackTeam "Schachgemeinschaft Voecklabruck"]

1.e4 c6 2.d4 d5 3.exd5 cxd5 4.c4 Nf6 5.Nc3 e6 6.Nf3 Be7 7.cxd5 Nxd5 8.Bd3 Nc6
9.O-O O-O 10.Re1 Ncb4 11.Bb1 Nf6 12.a3 Nbd5 13.Qd3 Re8 14.Ne5 Bd7 15.Bg5 g6
16.Ba2 Rc8 17.Qh3 Rc7 18.Bxd5 exd5 19.Qf3 Be6 20.Nb5 Rc2 21.Qb3 Rc4 22.Nxc4 dxc4
23.Qf3 a6 24.Nc3 Qxd4 25.Rad1 Qg4 26.Qxg4 Nxg4 27.Bxe7 Rxe7 28.Rd8+ Kg7 29.Nd5
Rd7 30.Rxd7 Bxd7 31.Re7 Bc6 32.Nb4 Bb5 33.f3 Kf8 34.Rxb7 Ne3 35.Na2 Nd1 36.Nc3
Nxb2 37.Nxb5 axb5 38.Rxb5 Nd3 39.Rb8+ Ke7 40.Rc8 Nb2 41.Kf1 Kd7 42.Rb8 c3 43.Ke2

[Event "Bundesliga B Mitte 2008/2009"]
[Site "Wolfsberg"]
[Date "2008.10.11"]
[Round "1"]
[Board "5"]
[White "Rolletschek, Heinrich"]
[Black "Wegerer, Fred"]
[Result "0-1"]
[WhiteElo "2222"]
[BlackElo "2239"]
[PlyCount "36"]
[EventDate "2008.10.11"]
[EventType "team"]
[EventRounds "11"]
[EventCountry "AUT"]
[WhiteTeam "Schachgemeinschaft Voecklabruck"]
[BlackTeam "ZH- Technologies Wolfsberg"]

1.e4 g6 2.d4 Bg7 3.g3 d5 4.e5 f6 5.f4 c5 6.c3 Nc6 7.Be3 Nh6 8.Nf3 Bg4 9.Be2 O-O
10.exf6 exf6 11.dxc5 Re8 12.Kf2 Qe7 13.Qd2 Bh3 14.Nd4 Qe4 15.Rg1 f5 16.Na3 Nxd4
17.Bxd4 Ng4+ 18.Bxg4 fxg4

[Event "Bundesliga B Mitte 2008/2009"]
[Site "Wolfsberg"]
[Date "2008.10.11"]
[Round "1"]
[Board "6"]
[White "Waldmann, Gerald"]
[Black "Hofmair, Klaus"]
[Result "1/2-1/2"]
[WhiteElo "2188"]
[BlackElo "2250"]
[PlyCount "77"]
[EventDate "2008.10.11"]
[EventType "team"]
[EventRounds "11"]
[EventCountry "AUT"]
[WhiteTeam "ZH- Technologies Wolfsberg"]
[BlackTeam "Schachgemeinschaft Voecklabruck"]

1.e4 e5 2.Nf3 Nc6 3.d4 exd4 4.Nxd4 Bc5 5.Nxc6 Qf6 6.Qd2 bxc6 7.Nc3 Nh6 8.Na4 Be7
9.Be2 Qg6 10.Bf3 Ng4 11.Qf4 d6 12.O-O Bf6 13.Bxg4 Bxg4 14.Qe3 O-O 15.Qd3 Rfe8
16.Nc3 Rab8 17.Bf4 Rxb2 18.f3 Bh3 19.Bg3 Bd7 20.Rab1 Reb8 21.Rxb2 Rxb2 22.a4 Qg5
23.Nd1 Qc5+ 24.Bf2 Qb4 25.Nxb2 Qxb2 26.Qb3 Qxb3 27.cxb3 a6 28.Rc1 Kf8 29.Kf1 Ke7
30.Ke2 g5 31.Kd3 c5 32.Be1 Be5 33.g3 f5 34.Bc3 fxe4+ 35.Kxe4 Ke6 36.Ba5 c6
37.Bd2 g4 38.Bf4 Be8 39.Ke3 {Rest of notation unclear}

[Event "Bundesliga B Mitte 2008/2009"]
[Site "Wolfsberg"]
[Date "2008.10.11"]
[Round "1"]
[Board "1"]
[White "Horvath, Tamas"]
[Black "Bokros, Albert"]
[Result "1/2-1/2"]
[WhiteElo "2416"]
[BlackElo "2475"]
[PlyCount "41"]
[EventDate "2008.10.11"]
[EventType "team"]
[EventRounds "11"]
[EventCountry "AUT"]
[WhiteTeam "RbEJ Volksbank Gleisdorf"]
[BlackTeam "SK Leoben"]

1.e4 c5 2.Nf3 e6 3.d4 cxd4 4.Nxd4 Nf6 5.Nc3 Nc6 6.Ndb5 d6 7.Bf4 e5 8.Bg5 a6
9.Na3 b5 10.Bxf6 gxf6 11.Nd5 Bg7 12.c3 f5 13.exf5 Bxf5 14.Nc2 Be6 15.Nce3 Ne7
16.g3 Nxd5 17.Nxd5 O-O 18.Bg2 a5 19.O-O f5 20.Qd2 Rb8 21.Rad1

[Event "Bundesliga B Mitte 2008/2009"]
[Site "Wolfsberg"]
[Date "2008.10.11"]
[Round "1"]
[Board "2"]
[White "Doric, Darko"]
[Black "Meszaros, Tamas"]
[Result "1/2-1/2"]
[WhiteElo "2477"]
[BlackElo "2434"]
[PlyCount "120"]
[EventDate "2008.10.11"]
[EventType "team"]
[EventRounds "11"]
[EventCountry "AUT"]
[WhiteTeam "SK Leoben"]
[BlackTeam "RbEJ Volksbank Gleisdorf"]

1.d4 Nf6 2.Bg5 e6 3.e4 h6 4.Bxf6 Qxf6 5.c3 d6 6.Bd3 e5 7.Ne2 g6 8.O-O Bg7 9.f4
Qe7 10.Nd2 O-O 11.Nf3 Bg4 12.h3 Bxf3 13.Rxf3 exd4 14.Nxd4 Bxd4+ 15.cxd4 Nc6
16.d5 Nd4 17.Re3 c5 18.dxc6 bxc6 19.Qg4 d5 20.e5 h5 21.Qg3 Qe6 22.Rf1 Nf5
23.Bxf5 Qxf5 24.Qh4 d4 25.g4 Qc2 26.Rg3 d3 27.gxh5 d2 28.hxg6 fxg6 29.Qh6 Kf7
30.Qh7+ Ke8 31.Qxg6+ Qxg6 32.Rxg6 Rxf4 33.Rd1 Rd8 34.Rg8+ Rf8 35.Rg2 Rf3 36.Rg8+
Rf8 37.Rxf8+ Kxf8 38.Kf2 Rd3 39.Ke2 Rxh3 40.Kxd2 Ke7 41.Kc2 Rh5 42.Rd6 Rxe5
43.Rxc6 Ra5 44.Kb3 Rb5+ 45.Kc3 Kd7 46.Rc4 Kd6 47.a4 Rh5 48.b4 Rh3+ 49.Kb2 Rh2+
50.Kb3 Rh3+ 51.Rc3 Rxc3+ 52.Kxc3 Kc7 53.Kd4 Kd6 54.Ke4 Ke6 55.Ke3 Ke7 56.Kf4 Kd6
57.Ke4 Ke6 58.Ke3 Ke7 59.Kd4 Kd6 60.b5 a6

[Event "Bundesliga B Mitte 2008/2009"]
[Site "Wolfsberg"]
[Date "2008.10.11"]
[Round "1"]
[Board "3"]
[White "Sandhu, Mario"]
[Black "Bachler, Reinhard"]
[Result "1-0"]
[WhiteElo "2292"]
[BlackElo "2241"]
[PlyCount "93"]
[EventDate "2008.10.11"]
[EventType "team"]
[EventRounds "11"]
[EventCountry "AUT"]
[WhiteTeam "RbEJ Volksbank Gleisdorf"]
[BlackTeam "SK Leoben"]

1.Nf3 d5 2.e3 c6 3.c4 e6 4.b3 f5 5.Bb2 Nf6 6.Qc2 Bd6 7.h3 O-O 8.Be2 Qe7 9.Nc3
Ne4 10.O-O Nd7 11.Rac1 Ng5 12.Nxg5 Qxg5 13.f4 Qh6 14.Bf3 Nf6 15.Ne2 Bd7 16.Be5
Ba3 17.Rce1 a5 18.c5 Be8 19.Bd6 Rf7 20.Nc3 Rd7 21.Be5 Bxc5 22.Nxd5 exd5 23.Qxc5
Ne4 24.Qc2 Bh5 25.d3 Bxf3 26.Rxf3 Nf6 27.Rg3 Ne8 28.e4 fxe4 29.dxe4 Qe6 30.exd5
Qxd5 31.Kh2 Rad8 32.Re2 Rf7 33.Bc3 Qd7 34.Bxa5 Ra8 35.Bc3 Nc7 36.Rg4 Nd5 37.Be5
Raf8 38.Qc4 b5 39.Qd4 b4 40.Rd2 Ra8 41.Rg5 Ra5 42.h4 Qa7 43.Qxa7 Raxa7 44.h5 Kf8
45.Kg3 Rfd7 46.Re2 Nc3 47.Rf5+

[Event "Bundesliga B Mitte 2008/2009"]
[Site "Wolfsberg"]
[Date "2008.10.11"]
[Round "1"]
[Board "4"]
[White "Schein, Karl-Heinz"]
[Black "Perhinig, Robert"]
[Result "1-0"]
[WhiteElo "2219"]
[BlackElo "2300"]
[PlyCount "71"]
[EventDate "2008.10.11"]
[EventType "team"]
[EventRounds "11"]
[EventCountry "AUT"]
[WhiteTeam "SK Leoben"]
[BlackTeam "RbEJ Volksbank Gleisdorf"]

1.e4 e6 2.d4 d5 3.Nd2 Nf6 4.e5 Nfd7 5.Bd3 c5 6.c3 Nc6 7.Ngf3 cxd4 8.cxd4 g6 9.h4
h5 10.Nb3 Be7 11.Bg5 Qb6 12.Rc1 Ndb8 13.Qc2 Rg8 14.Bxe7 Kxe7 15.a3 Na6 16.O-O
Bd7 17.Nc5 Nxc5 18.dxc5 Qc7 19.Rfe1 Kf8 20.Qd2 Rg7 21.b4 a6 22.a4 Ne7 23.b5 Kg8
24.Qb4 Be8 25.Rb1 axb5 26.axb5 Qa5 27.Qxa5 Rxa5 28.Ra1 Rxa1 29.Rxa1 Bd7 30.Ra8+
Bc8 31.c6 b6 32.Rb8 Kf8 33.Rxb6 Ke8 34.Rb8 Kd8 35.Ra8 Rg8 36.Nd4

[Event "Bundesliga B Mitte 2008/2009"]
[Site "Wolfsberg"]
[Date "2008.10.11"]
[Round "1"]
[Board "5"]
[White "Wanderer, Thomas"]
[Black "Binder, Michael"]
[Result "1/2-1/2"]
[WhiteElo "2235"]
[BlackElo "2170"]
[PlyCount "53"]
[EventDate "2008.10.11"]
[EventType "team"]
[EventRounds "11"]
[EventCountry "AUT"]
[WhiteTeam "RbEJ Volksbank Gleisdorf"]
[BlackTeam "SK Leoben"]

1.e4 e5 2.Bc4 Nc6 3.Nc3 Bc5 4.Qg4 g6 5.Qf3 Nf6 6.Nge2 Be7 7.d3 d6 8.Bh6 Bg4
9.Qg3 Qd7 10.h3 Be6 11.Qf3 Rg8 12.Bg5 Nh5 13.Bxe7 Nxe7 14.O-O-O Ng7 15.Qe3 Bxc4
16.dxc4 Qc6 17.b3 Qb6 18.Qxb6 axb6 19.Kb2 Ne6 20.Rhf1 f5 21.f4 exf4 22.Nxf4 Nxf4
23.Rxf4 g5 24.Rf2 f4 25.h4 h6 26.Nd5 Nxd5 27.Rxd5

[Event "Bundesliga B Mitte 2008/2009"]
[Site "Wolfsberg"]
[Date "2008.10.11"]
[Round "1"]
[Board "6"]
[White "Strallhofer, Hermann"]
[Black "Frosch, Ronald"]
[Result "0-1"]
[WhiteElo "2091"]
[BlackElo "2230"]
[PlyCount "78"]
[EventDate "2008.10.11"]
[EventType "team"]
[EventRounds "11"]
[EventCountry "AUT"]
[WhiteTeam "SK Leoben"]
[BlackTeam "RbEJ Volksbank Gleisdorf"]

1.e4 d6 2.d4 g6 3.Nf3 Bg7 4.Bd3 Nf6 5.O-O O-O 6.Re1 Nc6 7.c3 e5 8.Bb5 exd4
9.cxd4 Bg4 10.Bxc6 bxc6 11.h3 Bxf3 12.Qxf3 Nd7 13.Rd1 Qe7 14.Nc3 f5 15.exf5 d5
16.Bf4 Rxf5 17.Qg3 Qb4 18.Be3 Rc8 19.Rab1 Nf8 20.Qg4 h5 21.Qe2 Ne6 22.Qa6 Rd8
23.Qxc6 Rd6 24.Qa8+ Kh7 25.Qxa7 Rb6 26.Qa8 c6 27.a3 Qd6 28.Qa4 Nf4 29.Qc2 Qe6
30.Ne2 Qe4 31.Qxe4 Nxe2+ 32.Kf1 Ng3+ 33.Ke1 Nxe4 34.Ke2 Bh6 35.g4 Rf7 36.Bxh6
Rxf2+ 37.Ke1 Kxh6 38.Rd3 Rbxb2 39.Rxb2 Rxb2

[Event "Bundesliga B Mitte 2008/2009"]
[Site "Wolfsberg"]
[Date "2008.10.11"]
[Round "1"]
[Board "1"]
[White "Horvath, Csaba"]
[Black "Rabiega, Robert"]
[Result "1/2-1/2"]
[WhiteElo "2518"]
[BlackElo "2543"]
[PlyCount "27"]
[EventDate "2008.10.11"]
[EventType "team"]
[EventRounds "11"]
[EventCountry "AUT"]
[WhiteTeam "SC Die Klagenfurter"]
[BlackTeam "ESV Austria Graz"]

1.Nf3 d5 2.c4 e6 3.g3 dxc4 4.Qa4+ Nd7 5.Bg2 a6 6.Qxc4 b5 7.Qc2 Bb7 8.O-O Ngf6
9.b3 c5 10.Bb2 Be7 11.d3 O-O 12.Nbd2 Qb6 13.Rac1 Rac8 14.Qb1

[Event "Bundesliga B Mitte 2008/2009"]
[Site "Wolfsberg"]
[Date "2008.10.11"]
[Round "1"]
[Board "3"]
[White "Pilaj, Herwig"]
[Black "Langheinrich, Ferenc"]
[Result "1-0"]
[WhiteElo "2393"]
[BlackElo "2424"]
[PlyCount "41"]
[EventDate "2008.10.11"]
[EventType "team"]
[EventRounds "11"]
[EventCountry "AUT"]
[WhiteTeam "SC Die Klagenfurter"]
[BlackTeam "ESV Austria Graz"]

1.d4 d5 2.Nf3 Nf6 3.c4 c6 4.e3 Bg4 5.Nc3 e6 6.h3 Bxf3 7.Qxf3 Bb4 8.Bd2 O-O 9.Bd3
Nbd7 10.a3 Ba5 11.cxd5 cxd5 12.O-O Rc8 13.Rfc1 Re8 14.Qd1 a6 15.Nxd5 Rxc1
16.Nxf6+ Nxf6 17.Rxc1 Bc7 18.Qf3 Qd6 19.Qxb7 Qh2+ 20.Kf1 Nd5 21.Be4

[Event "Bundesliga B Mitte 2008/2009"]
[Site "Wolfsberg"]
[Date "2008.10.11"]
[Round "1"]
[Board "4"]
[White "Sakelsek, Tadej"]
[Black "Genser, Harald"]
[Result "1/2-1/2"]
[WhiteElo "2403"]
[BlackElo "2314"]
[PlyCount "44"]
[EventDate "2008.10.11"]
[EventType "team"]
[EventRounds "11"]
[EventCountry "AUT"]
[WhiteTeam "ESV Austria Graz"]
[BlackTeam "SC Die Klagenfurter"]

1.d4 Nf6 2.Nf3 d5 3.c4 e6 4.Nc3 dxc4 5.e3 a6 6.a4 c5 7.Bxc4 Nc6 8.O-O Be7 9.b3
O-O 10.Bb2 cxd4 11.exd4 Nb4 12.Ne5 b6 13.Qe2 Bb7 14.Rad1 Nbd5 15.Nxd5 Nxd5 16.g3
Nf6 17.Rc1 Qd6 18.Rfe1 Kh8 19.Ra1 Qd8 20.Rac1 Kg8 21.Red1 Nd5 22.h4 Nb4